Facezie / (Record no. 20871)
[ view plain ]
| 000 -LEADER | |
|---|---|
| campo di controllo lung. fissa | 01364nam a22003257i 4500 |
| 001 - Numero di controllo | |
| campo di controllo | IT\ICCU\LO1\0311830 |
| 003 - Identificatore del numero di controllo | |
| campo di controllo | ItRI |
| 005 - Data e orario dell'ultima transazione | |
| campo di controllo | 20260115232337.0 |
| 008 - Elementi di lunghezza fissa--Informazione generale | |
| campo di controllo lung. fissa | 930827s1933 it |||||| ||||| |||||c |
| 015 ## - Numero della bibliografia nazionale | |
| Fonte | IT |
| Numero della bibliografia nazionale | 1933 5426 |
| 024 70 - Altri identificatori standard | |
| Numero standard o codice | 97545 |
| Fonte del numero o codice | cubi |
| 040 ## - Fonte della catalogazione | |
| Lingua della catalogazione | ita |
| Agenzia che fa la trascrizione | importazione bologna sebina |
| 041 #7 - Codice di lingua | |
| Codice di lingua del testo/traccia sonora o titolo separato | ita |
| Fonte del codice | ISO-639-2 |
| 082 ## - Numero di classificazione Decimale Dewey | |
| Numero di classificazione | 851.07 |
| Numero dell'edizione | 20 |
| 100 1# - Accesso principale -- nome di persona | |
| Nome di persona | Bracciolini, Poggio |
| Numero del record di authority o numero standard | IT\ICCU\CFIV\004337 |
| Relazione: | aut |
| 240 10 - Titolo uniforme | |
| Titolo uniforme | Facetiae . |
| -- | IT\ICCU\SBL\0620774 |
| 9 (RLIN) | Bracciolini, Poggio |
| 245 10 - Formulazione del titolo | |
| Titolo | Facezie / |
| Formulazione di responsabilità, ecc. | di Bracciolini (Poggio Fiorentino). |
| 260 ## - Pubblicazione, distribuzione, ecc. (stampa) | |
| Luogo di pubblicazione, distribuzione, ecc. | Milano : |
| Nome dell'editore, distributore, ecc. | Corbaccio, |
| Data di pubblicazione, distribuzione, ecc. | stampa 1933 |
| 300 ## - Descrizione fisica | |
| Estensione | 230 p. ; |
| Dimensioni | 18 cm. |
| 790 1# - | |
| -- | Bracciolini Poggio, Gian Francesco |
| -- | IT\ICCU\BVEV\133612 |
| -- | Bracciolini, Poggio |
| 790 1# - | |
| -- | Braččolini, Podžo |
| -- | IT\ICCU\BVEV\192305 |
| -- | Bracciolini, Poggio |
| 790 1# - | |
| -- | Bracciolini, Poggio Francesco |
| -- | IT\ICCU\CFIV\145114 |
| -- | Bracciolini, Poggio |
| 790 0# - | |
| -- | Pogius : Florentinus |
| -- | IT\ICCU\SBNV\009537 |
| -- | Bracciolini, Poggio |
| 790 0# - | |
| -- | Poggio : Fiorentino |
| -- | IT\ICCU\SBNV\009538 |
| -- | Bracciolini, Poggio |
| 790 1# - | |
| -- | Bracciolini, Francesco Poggio |
| -- | IT\ICCU\VEAV\035083 |
| -- | Bracciolini, Poggio |
| 790 1# - | |
| -- | Poggio Bracciolini, Francesco |
| -- | IT\ICCU\VEAV\035084 |
| -- | Bracciolini, Poggio |
| 830 #2 - Accesso aggiunto di serie--titolo uniforme | |
| Titolo uniforme | I corvi. Sezione avorio ; |
| Numero del volume/designazione di sequenza | 2 |
| Numero del record di authority o numero standard | IT\ICCU\CFI\0064232 |
| 830 #2 - Accesso aggiunto di serie--titolo uniforme | |
| Titolo uniforme | I corvi ; |
| Numero del volume/designazione di sequenza | 5 |
| Numero del record di authority o numero standard | IT\ICCU\RAV\0191513 |
| 942 ## - Dati aggiuntivi (Koha) | |
| Fonte della classificazione o dello schema di collocazione (segnatura) | Classificazione decimale Dewey |
| Tipo copia default (Koha) | Libri |
| Nasconto in Opac | No |
| Status ritirato | Status smarrito: | Status danneggiato: | Escluso dal prestito | Biblioteca di appartenenza | Biblioteca corrente | Data di acquisti | Numero d'inventario | Totale prestiti | Collocazione | Codice a barre | Data ultima revisione | Prezzo effettivo da | Tipo copia default (Koha) | Nota pubblica |
|---|---|---|---|---|---|---|---|---|---|---|---|---|---|---|
| BOLOGNA | Centro di Documentazione "Flavia Madaschi" Cassero LGBTQIA+ Center | BOLOGNA | Centro di Documentazione "Flavia Madaschi" Cassero LGBTQIA+ Center | 15/01/2026 | 783 | DOC 853.5 BRA | BO783 | 15/01/2026 | 15/01/2026 | Libri | 1 v. |